000 00314nam a22001337a 4500
008 260325b ||||| |||| 00| 0 eng d
020 _a9789951058445
041 _ashqip
080 _a821.112
100 _a25
101 _aRoman
245 _aBleta Maja dhe Aventurat e saj
_cWaldemar Bonsels
942 _2udc
_cBK
999 _c60936
_d60936